[Event "BRA-ch Amateur"]
[Site "Sao Paulo"]
[Date "2015.04.02"]
[Round "5"]
[White "Tomic, Marco Di Pillo"]
[Black "Vescovi, Katherine Lemos"]
[Result "0-1"]
[WhiteElo "2000"]
[BlackElo "1865"]
[PlyCount "36"]
[EventDate "2015.04.30"]
[EventType "swiss"]
[EventRounds "7"]
[EventCountry "BRA"]
[SourceTitle "EXT 2022"]
[Source "ChessBase"]
[SourceDate "2021.10.06"]
[SourceVersion "1"]
[SourceVersionDate "2021.10.06"]
[SourceQuality "1"]

1. d4 Nf6 2. c4 g6 3. Nc3 d5 4. Nf3 Bg7 5. Bf4 c5 6. e3 Qa5 7. Qb3 dxc4 8. Bxc4 0-0 9. 0-0 a6 10. dxc5 Nbd7 11. Bxf7+ Kh8 12. Bc4 Nxc5 13. Qc2 Bf5 14. Qc1 b5 15. Be2 b4 16. Nd1 Rac8 17. Qc4 Be6 18. Qd4 Rfd8 0-1

[Event "Sao Paulo Braga Memorial 2nd"]
[Site "Sao Paulo"]
[Date "2013.07.06"]
[Round "2"]
[White "Dias, Joao Batista de Sou"]
[Black "Tomic, Marco Di Pillo"]
[Result "1-0"]
[WhiteElo "2010"]
[BlackElo "2076"]
[PlyCount "141"]
[EventDate "2013.07.05"]
[EventType "swiss"]
[EventRounds "9"]
[EventCountry "BRA"]
[SourceTitle "CBM 155 Extra"]
[Source "ChessBase"]
[SourceDate "2013.08.26"]
[SourceVersion "1"]
[SourceVersionDate "2013.08.26"]
[SourceQuality "1"]

1. e4 c5 2. f4 d6 3. Nf3 g6 4. d4 cxd4 5. Qxd4 Nf6 6. e5 Nc6 7. Bb5 dxe5 8. Bxc6+ bxc6 9. Qxd8+ Kxd8 10. Nxe5 Ke8 11. 0-0 Bg7 12. Be3 Nd5 13. Bd4 f6 14. Nd3 Ba6 15. Nd2 Bxd3 16. cxd3 Bh6 17. g3 e5 18. Rae1 Kf7 19. Be3 exf4 20. Bxf4 Nxf4 21. gxf4 Rad8 22. Rf3 Rd4 23. Re4 Rhd8 24. Rxd4 Rxd4 25. Ne4 Ke6 26. Kf2 Bf8 27. Ke3 Rb4 28. b3 h6 29. Rg3 Kf7 30. d4 f5 31. Nd2 Bg7 32. Nc4 g5 33. fxg5 hxg5 34. Kd3 Kg6 35. Re3 Rb8 36. Re6+ Kh5 37. Ne3 Rf8 38. Rxc6 f4 39. Nf1 Rd8 40. Rc4 Kg4 41. Ke4 Re8+ 42. Kd3 Kh3 43. Rc7 Bf6 44. Rf7 Re6 45. d5 Rd6 46. Ke4 Bc3 47. Kf3 Rh6 48. d6 Be5 49. d7 g4+ 50. Ke4 Bc7 51. Rxf4 Re6+ 52. Kf5 Re5+ 53. Kf6 Re2 54. Rf5 Bd8+ 55. Kg6 Re6+ 56. Kh5 Re7 57. Rd5 Kg2 58. Rd1 Rg7 59. Kh6 Rg5 60. b4 Kh3 61. Rd2 Rg8 62. Ng3 Bg5+ 63. Kh7 Rd8 64. Rd4 Kxh2 65. Ne4 Bf4 66. Kg6 g3 67. Nxg3 Kxg3 68. Kf7 Kf3 69. Ke7 Bc7 70. Rc4 Bb6 71. Rc8 1-0

[Event "Sao Paulo Braga Memorial 2nd"]
[Site "Sao Paulo"]
[Date "2013.07.05"]
[Round "1"]
[White "Tomic, Marco Di Pillo"]
[Black "Ikejiri, Daniel Yoshito"]
[Result "1/2-1/2"]
[WhiteElo "2076"]
[BlackElo "1938"]
[PlyCount "60"]
[EventDate "2013.07.05"]
[EventType "swiss"]
[EventRounds "9"]
[EventCountry "BRA"]
[SourceTitle "CBM 155 Extra"]
[Source "ChessBase"]
[SourceDate "2013.08.26"]
[SourceVersion "1"]
[SourceVersionDate "2013.08.26"]
[SourceQuality "1"]

1. d4 Nf6 2. c4 e6 3. Nf3 b6 4. g3 Bb7 5. Bg2 Be7 6. 0-0 0-0 7. Nc3 Ne4 8. Qc2 Nxc3 9. Qxc3 d6 10. Qd3 Nd7 11. e4 e5 12. d5 a5 13. Ne1 Nc5 14. Qc2 Bc8 15. f4 Bd7 16. Nf3 f5 17. fxe5 fxe4 18. exd6 Bxd6 19. Bg5 Qe8 20. Nd4 Qg6 21. Be3 Rae8 22. Ne2 Nd3 23. Bd4 h5 24. Rxf8+ Rxf8 25. Nc3 Bf5 26. Nb5 Bc5 27. Qe2 h4 28. Bxc5 bxc5 29. Qe3 hxg3 30. hxg3 Qf6 1/2-1/2

[Event "Sao Bernardo do Campo op"]
[Site "Sao Bernardo do Campo"]
[Date "2013.05.24"]
[Round "2"]
[White "Francelli, Derli"]
[Black "Tomic, Marco Di Pillo"]
[Result "0-1"]
[WhiteElo "1663"]
[BlackElo "2040"]
[PlyCount "88"]
[EventDate "2013.05.24"]
[EventType "swiss"]
[EventRounds "6"]
[EventCountry "BRA"]
[SourceTitle "CBM 154 Extra"]
[Source "ChessBase"]
[SourceDate "2013.06.25"]
[SourceVersion "2"]
[SourceVersionDate "2013.06.25"]
[SourceQuality "1"]

1. d4 Nf6 2. c4 e6 3. Nc3 Bb4 4. Nf3 c5 5. d5 exd5 6. cxd5 Qa5 7. Bd2 d6 8. a3 Bxc3 9. Bxc3 Qd8 10. e3 0-0 11. Bd3 Nbd7 12. 0-0 Qe7 13. Re1 Ne4 14. Nd2 Nxc3 15. bxc3 Ne5 16. Be2 f5 17. Nf3 Bd7 18. a4 c4 19. Qd4 Rfc8 20. Nxe5 dxe5 21. Qd1 Rc5 22. Rb1 b6 23. f3 Qh4 24. g3 Qh6 25. f4 Rac8 26. Bf1 Qd6 27. e4 exf4 28. e5 Qxd5 29. Qxd5+ Rxd5 30. e6 Be8 31. gxf4 Ra5 32. Rb4 Rxa4 33. Rxa4 Bxa4 34. Re5 g6 35. Bg2 Kg7 36. Bd5 Be8 37. Kf2 Kf6 38. Ke3 b5 39. Bb7 Rc7 40. Ba6 b4 41. cxb4 c3 42. Rc5 Rxc5 43. bxc5 Kxe6 44. Bd3 Kd5 0-1

[Event "Rio Claro IRT op 2nd"]
[Site "Rio Claro"]
[Date "2013.04.27"]
[Round "4"]
[White "Languidey, Simon Alejandro"]
[Black "Tomic, Marco Di Pillo"]
[Result "0-1"]
[WhiteElo "2270"]
[BlackElo "2040"]
[PlyCount "112"]
[EventDate "2013.04.26"]
[EventType "swiss"]
[EventRounds "6"]
[EventCountry "BRA"]
[SourceTitle "CBM 154 Extra"]
[Source "ChessBase"]
[SourceDate "2013.06.25"]
[SourceVersion "2"]
[SourceVersionDate "2013.06.25"]
[SourceQuality "1"]

1. c4 Nf6 2. Nc3 e6 3. Nf3 d5 4. e3 Be7 5. Be2 c5 6. cxd5 exd5 7. d4 Nc6 8. 0-0 0-0 9. dxc5 Bxc5 10. b3 Bf5 11. Bb2 a6 12. Rc1 Ba7 13. Na4 Qd6 14. Bxf6 gxf6 15. Nd4 Nxd4 16. exd4 Rac8 17. Qd2 b5 18. Nc3 Bb8 19. g3 b4 20. Na4 Rfe8 21. Nc5 a5 22. Bd3 Bg6 23. Bb5 Rf8 24. Rfe1 Rc7 25. Qe3 Ba7 26. h4 Kg7 27. Bf1 h5 28. Bh3 Bb6 29. Kh2 Ra8 30. Bg2 Raa7 31. Red1 Ra8 32. Na4 Rd8 33. Nxb6 Qxb6 34. Rxc7 Qxc7 35. Rc1 Qd7 36. Rc5 Re8 37. Qf4 Qa7 38. Bxd5 Re2 39. g4 Rxa2 40. Bc4 Qe7 41. Rc6 hxg4 42. Be6 fxe6 43. Kg3 e5 44. Qc1 Bf7 45. h5 exd4 46. h6+ Kh8 47. Rc8+ Bg8 48. Rxg8+ Kxg8 49. Qc8+ Kh7 50. Qf5+ Kxh6 51. Qf4+ Kh7 52. Qf5+ Kg8 53. Qc8+ Kf7 54. Qc4+ Kg6 55. Qd3+ f5 56. Qa6+ Qf6 0-1

[Event "Rio Claro IRT op 2nd"]
[Site "Rio Claro"]
[Date "2013.04.27"]
[Round "3"]
[White "Tomic, Marco Di Pillo"]
[Black "Chinelli, Jackson Alberto"]
[Result "1-0"]
[WhiteElo "2040"]
[BlackElo "1785"]
[PlyCount "117"]
[EventDate "2013.04.26"]
[EventType "swiss"]
[EventRounds "6"]
[EventCountry "BRA"]
[SourceTitle "CBM 154 Extra"]
[Source "ChessBase"]
[SourceDate "2013.06.25"]
[SourceVersion "2"]
[SourceVersionDate "2013.06.25"]
[SourceQuality "1"]

1. d4 Nf6 2. c4 g6 3. Nc3 Bg7 4. e4 d6 5. Nf3 0-0 6. Be2 Nbd7 7. 0-0 e5 8. Bg5 exd4 9. Nxd4 h6 10. Bh4 g5 11. Bg3 Nc5 12. f3 Nh5 13. Bf2 Nf4 14. Qd2 Be6 15. Rad1 a6 16. b4 Nd7 17. Nd5 Be5 18. Be3 Bxd5 19. cxd5 Bxd4 20. Bxd4 f6 21. g3 Nxe2+ 22. Qxe2 Qe7 23. f4 Qf7 24. e5 fxe5 25. fxe5 Qxd5 26. Rxf8+ Rxf8 27. e6 Ne5 28. Bxe5 Qxe5 29. Qxe5 dxe5 30. Rd7 Re8 31. Rxc7 Rxe6 32. Rxb7 e4 33. Kf2 Kf8 34. Ke3 Ke8 35. Rc7 Kd8 36. Rc4 Kd7 37. Rxe4 Rb6 38. Kd3 Kd6 39. a3 Kd5 40. Rc4 Rf6 41. Rc5+ Kd6 42. Ra5 Kc7 43. Ke4 Kb6 44. Rf5 Re6+ 45. Kd4 Rd6+ 46. Kc4 Rc6+ 47. Kb3 Re6 48. Rf3 g4 49. Rf5 Re3+ 50. Ka4 Rf3 51. Rh5 Rf6 52. Rh4 Rg6 53. Kb3 Kc6 54. Kc4 Kb6 55. a4 Rc6+ 56. Kd5 Rg6 57. Ke4 Kc6 58. Kf4 Kd5 59. Rxg4 1-0